Central Library OPAC University of Rajshahi

Pharmacological Evaluation of Emblica Officinalis in Combination with Linagliptin on Streptozotocin Induced Diabetic Rats / (Record no. 86336)

MARC details
000 -LEADER
fixed length control field 01069nam a2200253 a 4500
001 - CONTROL NUMBER
RUCL Control Number 86336
003 - CONTROL NUMBER IDENTIFIER
rucl marc code BD-RjUL
005 - DATE AND TIME OF LATEST TRANSACTION
control field 20260408112617.0
008 - FIXED-LENGTH DATA ELEMENTS--GENERAL INFORMATION
fixed length control field 260408s2024 bg a|||| m||| 00| 0 eng d
035 ## - SYSTEM CONTROL NUMBER
system control number (BD-RjUL)86336
040 ## - CATALOGING SOURCE
Original cataloging agency BD-RjUL
Language of cataloging eng
Transcribing agency BD-RjUL
Modifying agency BD-RjUL
041 ## - LANGUAGE CODE
Language code of Book eng
082 ## - DEWEY DECIMAL CLASSIFICATION NUMBER
DDC Edition number 23
Classification number 615.1
Author mark and Year KHP 2024
100 ## - MAIN ENTRY--PERSONAL NAME
Personal name Khanam, Khadiza, Submitted by
9 (RLIN) 18066
245 10 - TITLE STATEMENT
Title Pharmacological Evaluation of Emblica Officinalis in Combination with Linagliptin on Streptozotocin Induced Diabetic Rats /
Statement of responsibility, etc Submitted by, Khadiza Khanam ;
Name of Supervisor/Co-Supervisor Supervisor : Mamunur Rashid, Co-Supervisor : Aziz Abdur Rahman
260 ## - PUBLICATION, DISTRIBUTION, ETC. (IMPRINT)
Place of publication, distribution, etc Rajshahi :
Name of publisher, distributor, etc Institute of Biological Sciences, University of Rajshahi,
Date of publication, distribution, etc 2024
300 ## - PHYSICAL DESCRIPTION
Pagination xiv, 150 Leaves :
Other physical details ill, ;
Dimensions 30 cm.
502 ## - DISSERTATION NOTE
Dissertation note Thesis (Ph. D.) -- Institute of Biological Sciences, University of Rajshahi, 2024
504 ## - BIBLIOGRAPHY, ETC. NOTE
Bibliography, etc References : Leaves 114-131
650 ## - SUBJECT ADDED ENTRY--TOPICAL TERM
Topical term or geographic name as entry element Pharmacological
Form subdivision Evaluation
9 (RLIN) 18067
700 ## - ADDED ENTRY--SUPERVISOR/CO-SUPERVISOR NAME
Personal name Rashid, Mamunur, Supervisor
9 (RLIN) 18068
Personal name Rahman, Aziz Abdur, Co-Supervisor
9 (RLIN) 18069
942 ## - ADDED ENTRY ELEMENTS (KOHA)
Source of classification or shelving scheme Dewey Decimal Classification
Koha item type Theses
Holdings
Source of classification or shelving scheme Damaged status Not for loan Collection code Permanent Location Current Location Shelving location Date of accession Source of acquisition Total Checkouts Full call number Barcode Date last seen Copy number Thesis
Dewey Decimal Classification   Not For Loan Theses Central Library, University of Rajshahi Central Library, University of Rajshahi Documentation Section   Controller of Examination Office, R. U.   THE 615.1 KHP 2024 D5271 08/04/2026 C-1 Theses